Mapa de los Idiomas de las Islas Británicas - Estadísticas

Estadísticas generales
  • Esta prueba ha sido intentada 69 veces
  • La puntuación promedio es 5 de 7
Respuestas en el mapa
Las respuestas están codificadas por una escala verde-roja en el mapa de la prueba según el % correcto abajo.
 
Estadísticas de respuestas
Respuesta % Correcto
Escocés
100%
Inglés
100%
Galés
97%
Irlandés
97%
Manés
65%
Gaélico Escocés
52%
Córnico
34%
No se encontraron pruebas coincidentes
Distribución de puntuación
Porcentaje de gente con cada puntuación
Porcentaje por número respondido
Historial de tus puntuaciones
No has intentado esta prueba.